| 000 | 00865nam a22002417a 4500 | ||
|---|---|---|---|
| 001 | 44120 | ||
| 003 | BD-RjUL | ||
| 005 | 20211209053813.0 | ||
| 008 | 160713s1965 bg ||||| |||| 00| 0 ben d | ||
| 020 | _c: TK 4.00 | ||
| 035 | _a(BD-RjUL)44238 | ||
| 040 |
_aBD-RjUL _bben _cBD-RjUL |
||
| 041 | _aben | ||
| 082 |
_223 _a297 _bGAS 1965 |
||
| 100 |
_aগাজ্জালী, ইমাম মোহাম্মদ _9135460 |
||
| 245 | 1 | 0 |
_aসৌভাগ্য-স্পর্শমণি / _cইমাম মোহাম্মদ গাজ্জালী |
| 260 |
_aরাজশাহী : _bবি.এন. নাহার, _c১৯৬৫ [১৩৭২] |
||
| 300 |
_a খণ্ড ; _c২১ সেমি. |
||
| 505 | 0 | _aখণ্ড ১ -- খণ্ড ২ -- | |
| 650 |
_aইসলাম _9135461 |
||
| 650 |
_aIslam _9135462 |
||
| 942 |
_2ddc _cBK |
||
| 999 |
_c44120 _d44120 |
||